MARC details
| 000 -CABECERA |
| campo de control de longitud fija |
01126nam a2200313 a 4500 |
| 001 - NÚMERO DE CONTROL |
| campo de control |
000023327 |
| 003 - IDENTIFICADOR DEL NÚMERO DE CONTROL |
| campo de control |
DO-SdBNP |
| 005 - FECHA Y HORA DE LA ÚLTIMA TRANSACCIÓN |
| campo de control |
20250630104810.0 |
| 008 - DATOS DE LONGITUD FIJA--INFORMACIÓN GENERAL |
| campo de control de longitud fija |
101202s1994 sp r 000 f spa d |
| 020 ## - NÚMERO INTERNACIONAL ESTÁNDAR DEL LIBRO |
| Número Internacional Estándar del Libro |
8408011839 |
| 040 ## - FUENTE DE LA CATALOGACIÓN |
| Centro catalogador/agencia de origen |
DO-SdBNP |
| Lengua de catalogación |
spa |
| Centro/agencia transcriptor |
BNPHU |
| 082 #4 - NÚMERO DE LA CLASIFICACIÓN DECIMAL DEWEY |
| Número de clasificación |
RD863.64 |
| Número de documento/Ítem |
V393g |
| Número de edición |
22 |
| 100 1# - ENTRADA PRINCIPAL--NOMBRE DE PERSONA |
| Nombre de persona |
Vázquez Montalbán, Manuel, |
| Fechas asociadas al nombre |
1939-2003. |
| 9 (RLIN) |
20828 |
| 245 10 - MENCIÓN DE TÍTULO |
| Título |
Galíndez / |
| Mención de responsabilidad, etc. |
Manuel Vázquez Montalbán. |
| 260 ## - PUBLICACIÓN, DISTRIBUCIÓN, ETC. |
| Lugar de publicación, distribución, etc. |
Barcelona, España : |
| Nombre del editor, distribuidor, etc. |
Planeta, |
| Fecha de publicación, distribución, etc. |
1994. |
| 300 ## - DESCRIPCIÓN FÍSICA |
| Extensión |
355 p. ; |
| Dimensiones |
19 cm. |
| 490 ## - MENCIÓN DE SERIE |
| Mención de serie |
Planeta bolsillo : |
| Designación de volumen o secuencia |
40 |
| 586 ## - NOTA DE PREMIOS |
| Nota de premios |
Premio Nacional de Narrativa, 1991. |
| 586 ## - NOTA DE PREMIOS |
| Nota de premios |
Premio Literario Europeo, 1992. |
| 650 #4 - PUNTO DE ACCESO ADICIONAL DE MATERIA--TÉRMINO DE MATERIA |
| Término de materia o nombre geográfico como elemento de entrada |
Novela histórica española |
| 9 (RLIN) |
6177 |
| 650 #4 - PUNTO DE ACCESO ADICIONAL DE MATERIA--TÉRMINO DE MATERIA |
| Término de materia o nombre geográfico como elemento de entrada |
Novela política española |
| 9 (RLIN) |
48050 |
| 650 #4 - PUNTO DE ACCESO ADICIONAL DE MATERIA--TÉRMINO DE MATERIA |
| Término de materia o nombre geográfico como elemento de entrada |
Literatura española |
| Subdivisión cronológica |
SIGLO XX |
| 9 (RLIN) |
3326 |
| 650 10 - PUNTO DE ACCESO ADICIONAL DE MATERIA--TÉRMINO DE MATERIA |
| Término de materia o nombre geográfico como elemento de entrada |
Demografía |
| 9 (RLIN) |
45443 |
| 651 #4 - PUNTO DE ACCESO ADICIONAL DE MATERIA--NOMBRE GEOGRÁFICO |
| Nombre geográfico |
República Dominicana |
| Subdivisión general |
Política Y Gobierno |
| Subdivisión cronológica |
ERA DE TRUJILLO, 1930-1961 |
| Subdivisión general |
Novela |
| 9 (RLIN) |
48051 |
| 651 #0 - PUNTO DE ACCESO ADICIONAL DE MATERIA--NOMBRE GEOGRÁFICO |
| Nombre geográfico |
REPÚBLICA DOMINICANA |
| Subdivisión general |
HISTORIA |
| Subdivisión cronológica |
ERA DE TRUJILLO, 1930-1961 |
| Subdivisión general |
NOVELA |
| 9 (RLIN) |
21999 |
| 830 ## - PUNTO DE ACCESO ADICIONAL DE SERIE-TÍTULO UNIFORME |
| Título uniforme |
Planeta bolsillo ; |
| Designación de volumen o secuencia |
40 |
| 9 (RLIN) |
21739 |
| 910 ## - DATOS DE OPCIÓN DEL USUARIO (OCLC) |
| Datos de opción del usuario |
Validado. Control de calidad |
| 942 ## - ELEMENTOS DE PUNTO DE ACCESO ADICIONAL (KOHA) |
| Fuente del sistema de clasificación o colocación |
Dewey Decimal Classification |
| Tipo de ítem Koha |
Libro |